00867nam a22002177a 450000500170000000800410001702400090005804000070006704100080007408200180008210000210010024501570012126000420027830000250032036500560034544000260040165000220042794200120044999900190046195201690048020241206092822.0241206b ||||| |||| 00| 0 eng d 2C-16 cAL aeng 223a345bBARC aBare Act9188091 aCigarettes and Other Tobacco Products (Prohibition of Advertisement and Regulation of Trade and Commerce, Production, Supply and Distribution) Act, 2003 aNew DelhibUniversal LexisNexisc2024 aiv,56p.bPBc24x16cm 2Lawa1060b87.60c₹d120.00e27%f1060/28-11-2024 aBare Act 20249188092 2LawaActs9188093 2ddccBK c232156d232156 00102ddc40708LawaLLbLLd2024-12-03eMPP House Law Books Publishers Bengaluru-560009g87.60l0o345 BARCpLL001089r2024-12-06 00:00:00v120.00w2024-12-06yBK